000 01500nam a2200277 a 4500
001 000015351
003 OSt
005 20250221073754.0
008 100205s2008 dr abd 001 0 spa d
040 _aDO-SdBNP
_bspa
_cBNPHU
082 4 _a317.293
_bR426e, 2005
110 1 _aRepública Dominicana
_bOficina Nacional de Estadística
_934693
245 1 0 _aEncuesta nacional de hogares de propósitos múltiples (ENHOGAR 2005) :
_binforme general.
260 _aSanto Domingo :
_bONE:
_bUNICEF,
_c2008.
300 _a181 p. :
_bil., gráf., map., retrs. ;
_c28 cm.
505 0 _aIntroducción -- Aspectos metodológicos -- Características de las viviendas y personas entrevistadas -- Medio ambiente -- Mortalidad en la niñez -- Nutrición en la niñez -- Salud infantil -- Fecundación y salud reproductiva -- Desarrollo del niño -- Educación -- Vulnerabilidad infantil -- Conocimiento, actitudes y prácticas femeninas frente al VIH Anexos.
590 _aInventariado,2018/DG
650 4 _aEncuestas de hogares
_zRepública Dominicana
_y2005
_934694
650 4 _aEducación
_zRepública Dominicana
_y2005
_934695
_vEstadísticas
650 4 _aSalud infantil
_zRepública Dominicana
_y2005
_934696
_vEstadísticas
651 4 _aRepública Dominicana
_xPoblación
_y2005
_934697
_vEstadísticas
710 1 2 _aRepública Dominicana.
_bOficina Nacional de Estadística
_95775
710 2 _aFondo de Naciones Unidas para la Infancia
_934698
910 _aValidado. Control de calidad MFF
942 _2ddc
_cLBS1
999 _c14916
_d14916